01616nam a22002537a 4500008004100000020001800041040000800059041001300067110004200080245008300122260006600205300002400271505007400295520062100369650003600990650004501026650006001071655002501131655003401156655004601190942000801236952010301244999001501347250528b |||||||| |||| 00| 0 eng d a9798227209290 ctbs afreaeng aPomme Bilingual (Firm)925358eauthor aThe little fox and other bilingual French-English stories c/ Pomme Bilingual. aPlace of publication not identifiedbPomme Bilingual, c2024. a62 pages ; c20 cm. aBilungual texts : French language stories with English translations.  aUnlock the beauty of bilingual storytelling with The Little Fox And Other Bilingual French-English Stories . Each tale invites you to explore enchanting worlds, rich with culture and emotion, while seamlessly improving your French language skills. Perfect for adult learners, this collection offers an engaging way to practice reading in French while having the comfort of English translations. Whether you're a beginner or an advanced learner, The Little Fox And Other Bilingual French-English Stories is your perfect companion to enhance your French reading skills while enjoying delightful and meaningful stories. 0aFrench languagexReaders912401 0aFrench languagevSelf-instruction925301 0aShort stories, FrenchxTranslations into English925359 0aShort stories922375 0aReaders (Publications)925108 0aHigh interest-low vocabulary books922485 2lcc 00102lcc4070aTBSbTBSd2025-05-28l0oREADER-FR POMpB05759r2025-05-28t1w2025-05-28yFRENCH c4705d4705